1576 1921 1729 1462 1035 1518 1388 1333 1989 1062 1150 1639 1803 1213 1535 1014 1898 1599 1687 1942 1227 1329 1649 1167 1503 1657 1126 1621 1071 1228 1126 1718 1177 1651 1377 1588 1051 1220 1578 1337 1617 1735 1290 1673 1188 1968 1144 1340 1002 1186 1584 1985 1691 1335 1593 1350 1667 1954 1439 1318 1528 1943 1972 1994 1274 1354 1954 1493 1544 1913 1501 1346 1347 1124 1927 1414 1728 1125 1640 1673 1298 1771 1366 1897 1091 1046 1072 1760 1693 1205 1327 1073 1976 1755 1317 1529 1455 1868 1563 BCNSPRNW ULIB Ver.6.0+V

เปลี่ยนเป็นภาษาไทย

Change to English
 แสดงรายละเอียดบรรณานุกรม
  กลับหน้าหลัก

Brief Record : Get Marc (ISO 2709) : E-mail record : QR code < ปิดหน้าต่าง
LEADER : 00000nam 2200000uu 4500
001    13399113433
003     ULIB
008    111116s2554||||th 000 0 tha d
020    ^a9786167014166
060 04 ^aWT104^bอ445
100 1  ^aRoizen, Michael F.
245 10 ^aYou :^bthe owner s manual= สุขภาพดี คุณสร้างได้/^cbyMichael F. Roizen and Mehmet C.
260    ^aกรุงเทพฯ :^bอินสปายร์,^c2554
300    ^a399 หน้า. :^bภาพ. ;^c24 cm.
650  2 ^aHealth
650  2 ^aPhysiological Processes
650  2 ^aHealth Behavior
650  2 ^aNutritional Physiological Phenomena
650  2 ^aLongevity
700 1  ^aOz, Mehmet C.
700    ^a นุชนาฎ เนตรประเสริฐศรี,ผู้แปล
700    ^a ปรีชา เมฆานันท์, ผู้แปล
945    ^p295^l0^i030696
945    ^p295^l0^i030697
945    ^p295^l0^i030698
995    ^a เกษร
999 ^a ใช้งานได้ทุกระบบ
รายการนี้ยังไม่มีแท็ก
คุณยังไม่ได้ล็อกอิน คุณสามารถมีกิจกรรมร่วมกับเว็บไซต์ได้ แต่ต้องล็อกอินก่อน ::
  ล็อกอิน

รายการสื่อสารสนเทศ

ลำดับที่ ประเภท เลขเรียก/บาร์โค้ด สถานที่ สถานะ
1. วิทยาศาสตร์การแพทย์ และสุขภาพ
วิทยาศาสตร์การแพทย์ และสุขภาพ
WT104 อ445 ฉ.2 
  Barcode: 030697
ห้องสมุดวิทยาเขตสวรรค์ประชารักษ์
►ส่วนจัดเก็บหนังสือเก่า สปร
บนชั้น
  ขอยืม

รายการใกล้เคียง
    ผู้แต่ง [Roizen, Michael F.]

    หัวเรื่อง [Health]
    หัวเรื่อง [Physiological Processes]
    หัวเรื่อง [Health Behavior]
    หัวเรื่อง [Nutritional Physiological Phenomena]
    หัวเรื่อง [Longevity]

BibComment


ยังไม่เคยถูกคอมเมนท์

คอมเมนท์ทรัพยากรรายการนี้
  คอมเมนท์: You the owner s..


 Copyright 2026. Bcnsprnw @Library